[Event "DVM U10 2015"]
[Site "Magdeburg GER"]
[Date "2015.12.27"]
[Round "2"]
[White "Conradi, Bennet"]
[Black "Palfi, Anton Emil"]
[Result "1-0"]
[Termination "normal"]
[Board "23.3"]
[WhiteElo "863"]
[BlackElo "840"]
[WhiteTeam "SV Breitenworbis"]
[BlackTeam "SF Hettstedt 2"]
[PlyCount "42"]
[EventCountry "GER"]
[EventRounds "7"]
[EventType "team-swiss"]
[EventDate "2015.12.27"]

1. e4 e5 2. Nf3 d5 3. Nc3 c6 4. Be2 g5 5. d3 g4 6. Ng5 g3 7. hxg3 dxe4 8. dxe4
f6 9. Bh5+ Ke7 10. Bg6 hxg6 11. Rxh8 Bg4 12. Qxg4 f5 13. Qf3 Bg7 14. Rh1 fxe4
15. Qxe4 Nf6 16. Qxg6 Bf8 17. Bd2 Kd7 18. O-O-O Na6 19. Qf7+ Be7 20. Ne6 Kd6
21. Nxd8 Bxd8 1-0

[Event "DVM U10 2015"]
[Site "Magdeburg GER"]
[Date "2015.12.27"]
[Round "2"]
[White "Pfefferkorn, Paul"]
[Black "Niemann, Leon"]
[Result "0-1"]
[Termination "normal"]
[Board "24.1"]
[WhiteElo "799"]
[BlackElo "1090"]
[WhiteTeam "USV TU Dresden 2"]
[BlackTeam "Hannover 96"]
[PlyCount "50"]
[WhiteFideId "16255330"]
[BlackFideId "16218388"]
[EventCountry "GER"]
[EventRounds "7"]
[EventType "team-swiss"]
[EventDate "2015.12.27"]

1. e4 c5 2. Nf3 Nc6 3. d4 cxd4 4. Nxd4 g6 5. Nc3 Bg7 6. Nf3 Nf6 7. Be2 O-O 8.
O-O e6 9. Bg5 h6 10. Bh4 d6 11. a3 b6 12. b4 Bb7 13. b5 Ne7 14. e5 Nfd5 15.
Bxe7 Qxe7 16. Ne4 dxe5 17. c4 Nf6 18. Qd6 Qxd6 19. Nxd6 Bxf3 20. Bxf3 Rad8 21.
Nb7 Rd7 22. Bc6 Rd4 23. a4 Rxc4 24. a5 Rd4 25. Rad1 bxa5 0-1

[Event "DVM U10 2015"]
[Site "Magdeburg GER"]
[Date "2015.12.27"]
[Round "2"]
[White "I., Natascha"]
[Black "Posselt, Marcus"]
[Result "0-1"]
[Termination "normal"]
[Board "24.4"]
[WhiteElo "756"]
[BlackElo "890"]
[WhiteTeam "Hannover 96"]
[BlackTeam "USV TU Dresden 2"]
[PlyCount "69"]
[WhiteFideId "16257545"]
[EventCountry "GER"]
[EventRounds "7"]
[EventType "team-swiss"]
[EventDate "2015.12.27"]

1. e4 e5 2. d4 d6 3. d5 Be7 4. Nf3 Nf6 5. Nc3 c6 6. Bc4 cxd5 7. Bxd5 Nc6 8. Nd2
O-O 9. Qf3 Bg4 10. Qg3 Qc8 11. Nb3 Nxd5 12. exd5 Nd4 13. Ne4 Nxb3 14. cxb3 Qc2
15. Qxg4 Qc7 16. Bh6 Qa5+ 17. Nc3 Bf6 18. O-O Rfe8 19. Rfe1 g6 20. Re3 Bg7 21.
Bxg7 Kxg7 22. Rf3 Rf8 23. Rh3 Qc5 24. Qh4 Rh8 25. Qh6+ Kg8 26. Rf3 Qb6 27. Qg5
Qd8 28. Qh6 Rc8 29. Nb5 a6 30. Nc3 Rc7 31. h3 b5 32. b4 Rc4 33. a3 Rd4 34. Qe3
Qc8 35. Qg5 0-1

[Event "DVM U10 2015"]
[Site "Magdeburg GER"]
[Date "2015.12.27"]
[Round "2"]
[White "Franke, Josef"]
[Black "Kraft, Adrian"]
[Result "1-0"]
[Termination "normal"]
[Board "25.1"]
[WhiteElo "946"]
[BlackElo "1052"]
[WhiteTeam "SK Neumarkt"]
[BlackTeam "SC Borussia 1920 Friedrichsfelde"]
[PlyCount "35"]
[BlackFideId "16235010"]
[EventCountry "GER"]
[EventRounds "7"]
[EventType "team-swiss"]
[EventDate "2015.12.27"]

1. e4 e5 2. Nf3 Nc6 3. Bc4 Nf6 4. Ng5 d5 5. exd5 Nxd5 6. Nf3 Bc5 7. Nc3 Be6 8.
Bb5 Qd6 9. d4 exd4 10. Nxd4 Nde7 11. Nxc6 Nxc6 12. Qf3 Bd7 13. Bc4 Ne5 14. Qxb7
Bc6 15. Qb3 O-O 16. O-O Ng4 17. g3 a6 18. Qb8 1-0

[Event "DVM U10 2015"]
[Site "Magdeburg GER"]
[Date "2015.12.27"]
[Round "2"]
[White "Klühs, Isabel"]
[Black "Kraus, Jakob"]
[Result "1-0"]
[Termination "normal"]
[Board "25.2"]
[WhiteElo "886"]
[BlackElo "789"]
[WhiteTeam "SC Borussia 1920 Friedrichsfelde"]
[BlackTeam "SK Neumarkt"]
[PlyCount "58"]
[WhiteFideId "16228944"]
[EventCountry "GER"]
[EventRounds "7"]
[EventType "team-swiss"]
[EventDate "2015.12.27"]

1. d4 d5 2. Nf3 Nf6 3. e3 Nc6 4. c3 e6 5. Bd3 Bd6 6. Nbd2 Ng4 7. h3 Nf6 8. O-O
Nh5 9. e4 dxe4 10. Nxe4 O-O 11. Nxd6 cxd6 12. Bxh7+ Kxh7 13. Ng5+ Kg8 14. Qxh5
Qxg5 15. Qxg5 f6 16. Qg3 e5 17. Bh6 Rf7 18. d5 Ne7 19. c4 Nf5 20. Qg6 Nxh6 21.
Rac1 Nf5 22. Rc3 Nd4 23. Re1 Bf5 24. Qh5 Nc2 25. Rd1 Be4 26. f3 Bh7 27. Rd2 g6
28. Qh6 g5 29. Rcxc2 (29. Rdxc2 Bxc2 30. Rxc2 Rc8 31. Qg6+ Rg7 32. Qxf6 Rf8 33.
Qe6+ Rgf7 34. c5 dxc5 35. d6 Kg7 36. Qxe5+ Rf6 37. d7 Rd8 38. Qxg5+ Rg6 39.
Qxd8 Rd6 40. Qe7+ Kg6 41. Qxd6+ Kf7 42. d8=Q b5 43. Q8c7+ Kg8 44. Qdd8#) 29...
Bxc2 1-0

[Event "DVM U10 2015"]
[Site "Magdeburg GER"]
[Date "2015.12.27"]
[Round "2"]
[White "Schilay, Vinzenz"]
[Black "Neumann, Kai-Minh"]
[Result "0-1"]
[Termination "normal"]
[Board "25.3"]
[WhiteElo "779"]
[BlackElo "831"]
[WhiteTeam "SK Neumarkt"]
[BlackTeam "SC Borussia 1920 Friedrichsfelde"]
[PlyCount "33"]
[WhiteFideId "12983209"]
[BlackFideId "16286227"]
[EventCountry "GER"]
[EventRounds "7"]
[EventType "team-swiss"]
[EventDate "2015.12.27"]

1. e4 c5 2. Nc3 d6 3. g3 Nc6 4. Bc4 Nf6 5. Nf3 g6 6. d3 Bg7 7. Bf4 O-O 8. Qd2
Bh3 9. Bh6 Bg2 10. Rg1 Bxf3 11. Be3 e6 12. Bg5 e5 13. Qe3 Nd4 14. Bh6 Nxc2+ 15.
Kd2 Nxe3 16. fxe3 Bxh6 17. Ne2 0-1

[Event "DVM U10 2015"]
[Site "Magdeburg GER"]
[Date "2015.12.27"]
[Round "2"]
[White "Hostmann, Henning"]
[Black "Dornheim, Carl Friedrich"]
[Result "1-0"]
[Termination "normal"]
[Board "26.1"]
[WhiteElo "965"]
[BlackElo "985"]
[WhiteTeam "USC Magdeburg 2"]
[BlackTeam "Schachzwerge Magdeburg 2"]
[PlyCount "31"]
[WhiteFideId "16255380"]
[BlackFideId "16252314"]
[EventCountry "GER"]
[EventRounds "7"]
[EventType "team-swiss"]
[EventDate "2015.12.27"]

1. e4 c5 2. Nf3 d6 3. Nc3 g6 4. Bc4 Bg7 5. d3 e5 6. O-O Nf6 7. Bg5 O-O 8. Nd5
Bg4 9. h3 Be6 10. Nxf6+ Bxf6 11. Bxf6 Qxf6 12. Qd2 Qf4 13. Qxf4 exf4 14. d4
Bxc4 15. Rfe1 Re8 16. b3 {nicht weiter nachvollziehbar} 1-0

[Event "DVM U10 2015"]
[Site "Magdeburg GER"]
[Date "2015.12.27"]
[Round "2"]
[White "Stackfleth, Jarno"]
[Black "Khanbekyan, Nare"]
[Result "1-0"]
[Termination "normal"]
[Board "26.2"]
[WhiteElo "940"]
[BlackElo "698"]
[WhiteTeam "Schachzwerge Magdeburg 2"]
[BlackTeam "USC Magdeburg 2"]
[PlyCount "37"]
[WhiteFideId "16252144"]
[BlackFideId "16270916"]
[EventCountry "GER"]
[EventRounds "7"]
[EventType "team-swiss"]
[EventDate "2015.12.27"]

1. e4 e5 2. Nf3 Nc6 3. Bc4 Bc5 4. c3 Nf6 5. d4 exd4 6. e5 Ng4 7. cxd4 Bb4+ 8.
Bd2 d6 9. Bxb4 Nxb4 10. h3 Nf6 11. exf6 gxf6 12. O-O O-O 13. Qd2 Nc6 14. d5 Ne5
15. Nxe5 dxe5 16. Qd3 Kh8 17. Bb3 Rg8 18. Bc2 Bg4 19. Qxh7# 1-0

[Event "DVM U10 2015"]
[Site "Magdeburg GER"]
[Date "2015.12.27"]
[Round "2"]
[White "Rabenstein, Jonathan"]
[Black "Weber, Willi"]
[Result "0-1"]
[Termination "normal"]
[Board "26.3"]
[WhiteElo "766"]
[BlackElo "905"]
[WhiteTeam "USC Magdeburg 2"]
[BlackTeam "Schachzwerge Magdeburg 2"]
[PlyCount "22"]
[WhiteFideId "16298462"]
[EventCountry "GER"]
[EventRounds "7"]
[EventType "team-swiss"]
[EventDate "2015.12.27"]

1. e4 e5 2. Nf3 Nc6 3. Bc4 Nf6 4. Nc3 Nxe4 5. O-O Nxc3 6. dxc3 Bc5 7. b4 Bb6 8.
Bb5 f6 9. Be3 Bxe3 10. fxe3 d6 11. Nd2 d5 {Rest nicht nachvollziehbar} 0-1

[Event "DVM U10 2015"]
[Site "Magdeburg GER"]
[Date "2015.12.27"]
[Round "2"]
[White "von Hugo, Amelie"]
[Black "Müller, Linus"]
[Result "0-1"]
[Termination "normal"]
[Board "27.1"]
[WhiteElo "729"]
[BlackElo "936"]
[WhiteTeam "KSV Rochade Göttingen 3"]
[BlackTeam "Hamburger SK von 1830 2"]
[PlyCount "80"]
[BlackFideId "16245946"]
[EventCountry "GER"]
[EventRounds "7"]
[EventType "team-swiss"]
[EventDate "2015.12.27"]

1. e4 e5 2. Nf3 Nc6 3. Nc3 Bc5 4. Bb5 a6 5. Bxc6 dxc6 6. d3 Bg4 7. Bg5 Qxg5 8.
Nxg5 Bxd1 9. Nxd1 f6 10. Ne6 Bd6 11. Nxg7+ Kf7 12. Nf5 Ne7 13. Nh6+ Kg6 14. Ng4
f5 15. Nge3 f4 16. Nc4 b5 17. Nxd6 cxd6 18. c4 Rad8 19. cxb5 axb5 20. Rg1 Kf6
21. g3 Rhg8 22. g4 h5 23. g5+ Rxg5 24. Rxg5 Kxg5 25. d4 exd4 26. Ke2 d5 27.
exd5 Rxd5 28. Kf3 c5 29. a3 c4 30. Rc1 d3 31. Nc3 d2 32. Rg1+ Kf5 33. Nxd5 Nxd5
34. Rd1 Kg5 35. Rxd2 Nc7 36. Rd7 Ne6 37. Rd5+ Kh4 38. Rxb5 Nd4+ 39. Kxf4 Nxb5
40. a4 Nc7 0-1

[Event "DVM U10 2015"]
[Site "Magdeburg GER"]
[Date "2015.12.27"]
[Round "2"]
[White "Grabbel, Torben Frederik"]
[Black "Fahrendorff, Tristan"]
[Result "1-0"]
[Termination "normal"]
[Board "27.2"]
[WhiteElo "981"]
[BlackElo "774"]
[WhiteTeam "Hamburger SK von 1830 2"]
[BlackTeam "KSV Rochade Göttingen 3"]
[PlyCount "63"]
[WhiteFideId "16219180"]
[EventCountry "GER"]
[EventRounds "7"]
[EventType "team-swiss"]
[EventDate "2015.12.27"]

1. d4 d5 2. c4 c6 3. Nc3 e6 4. Nf3 Nf6 5. Bg5 h6 6. Bh4 g5 7. Bg3 Ne4 8. Nxe4
dxe4 9. Ne5 f6 10. Ng6 Rg8 11. Nxf8 Rxf8 12. e3 f5 13. Qh5+ Rf7 14. Be2 f4 15.
exf4 b6 16. Rd1 c5 17. dxc5 Qc7 18. cxb6 Qxb6 19. b3 Qa6 20. a4 Qb6 21. Rb1
Qb4+ 22. Kf1 Kf8 23. Qxh6+ Kg8 24. Qxg5+ Kf8 25. Qd8+ Kg7 26. Qxc8 Rd7 27. h4
Qd2 28. Qc5 Qc2 29. Qg5+ Kf7 30. Bh5+ Kf8 31. Qf6+ Rf7 32. Qxf7# 1-0

[Event "DVM U10 2015"]
[Site "Magdeburg GER"]
[Date "2015.12.28"]
[Round "3"]
[White "Hetzner, Hannes"]
[Black "Weihrauch, Jakob"]
[Result "0-1"]
[Termination "normal"]
[Board "1.1"]
[WhiteElo "1319"]
[BlackElo "1732"]
[WhiteClock "00:13:34"]
[BlackClock "00:15:54"]
[WhiteTeam "SC Erlangen 48/88"]
[BlackTeam "Hamburger SK von 1830 1"]
[PlyCount "88"]
[WhiteFideId "16211936"]
[BlackFideId "16210115"]
[EventCountry "GER"]
[EventRounds "7"]
[EventType "team-swiss"]
[EventDate "2015.12.27"]

1. e4 c5 2. Nf3 d6 3. d4 cxd4 4. Nxd4 Nf6 5. Nc3 a6 6. Bg5 e6 7. Qd2 Be7 8. f4
h6 9. Bxf6 gxf6 10. O-O-O b5 11. Bd3 Qc7 12. Bxb5+ axb5 13. Ndxb5 Qc6 14. Nxd6+
Bxd6 15. Qxd6 Qxd6 16. Rxd6 Ke7 17. Rhd1 Bd7 18. b3 Rc8 19. Kb2 Ra7 20. a4 Rac7
21. R6d3 Na6 22. R3d2 Nb4 23. g4 Be8 24. Ka3 Rxc3 25. Kxb4 Rxc2 26. Rxc2 Rxc2
27. Ra1 Kd6 28. e5+ fxe5 29. fxe5+ Kxe5 30. a5 Bc6 31. a6 Rxh2 32. Kc5 Rc2+ 33.
Kb6 Bd5 34. b4 Kf4 35. b5 Kxg4 36. a7 h5 37. Rd1 Ra2 38. Rxd5 exd5 39. Kb7 d4
40. a8=Q Rxa8 41. Kxa8 d3 42. b6 d2 43. b7 d1=Q 44. b8=Q Qa4+ 0-1

[Event "DVM U10 2015"]
[Site "Magdeburg GER"]
[Date "2015.12.28"]
[Round "3"]
[White "Huo, Da"]
[Black "Högner, Tom"]
[Result "1-0"]
[Termination "normal"]
[Board "1.2"]
[WhiteElo "1320"]
[BlackElo "1258"]
[WhiteClock "00:09:45"]
[BlackClock "00:35:58"]
[WhiteTeam "Hamburger SK von 1830 1"]
[BlackTeam "SC Erlangen 48/88"]
[PlyCount "115"]
[WhiteFideId "16221206"]
[BlackFideId "12995436"]
[EventCountry "GER"]
[EventRounds "7"]
[EventType "team-swiss"]
[EventDate "2015.12.27"]

1. e4 e5 2. Nf3 Nc6 3. Bc4 Nf6 4. d3 d5 5. exd5 Nxd5 6. Nc3 Bb4 7. Bd2 Bxc3 8.
Bxc3 Nxc3 9. bxc3 O-O 10. O-O Re8 11. Re1 Qd6 12. Ng5 Nd8 13. Qh5 Qg6 14. Qxg6
hxg6 15. f4 Ne6 16. Nxe6 Bxe6 17. Bxe6 Rxe6 18. Rxe5 Rae8 19. Rae1 Kf8 20. Kf2
Ke7 21. Kf3 Kd6 22. Rxe6+ Rxe6 23. Rxe6+ Kxe6 24. Ke4 c5 25. c4 b6 26. h3 f5+
27. Kf3 Kf6 28. h4 Ke6 29. c3 a6 30. a4 Kd7 31. d4 Kc6 32. g4 b5 33. cxb5+ axb5
34. axb5+ Kxb5 35. dxc5 Kxc5 36. gxf5 gxf5 37. h5 Kc4 38. Kg3 Kxc3 39. Kh4 Kd4
40. Kg5 Ke4 41. Kg6 Kxf4 42. Kxg7 Kg3 43. h6 f4 44. h7 f3 45. h8=Q f2 46. Qb8+
Kg2 47. Qb7+ Kg1 48. Qb6 Kg2 49. Qg6+ Kf3 50. Qf5+ Ke2 51. Qe4+ Kf1 52. Kg6 Kg1
53. Qg4+ Kh1 54. Qd1+ Kg2 55. Qe2 Kh1 56. Qf1+ Kh2 57. Qxf2+ Kh1 58. Qe2 1-0

[Event "DVM U10 2015"]
[Site "Magdeburg GER"]
[Date "2015.12.28"]
[Round "3"]
[White "Wu, Wilfried"]
[Black "Henry, Eric"]
[Result "1-0"]
[Termination "normal"]
[Board "1.3"]
[WhiteElo "1011"]
[BlackElo "1374"]
[WhiteClock "00:11:27"]
[BlackClock "00:04:01"]
[WhiteTeam "SC Erlangen 48/88"]
[BlackTeam "Hamburger SK von 1830 1"]
[PlyCount "131"]
[WhiteFideId "16260775"]
[BlackFideId "16210140"]
[EventCountry "GER"]
[EventRounds "7"]
[EventType "team-swiss"]
[EventDate "2015.12.27"]

1. e4 e6 2. Nf3 d5 3. e5 c5 4. Nc3 d4 5. Ne4 f5 6. Bb5+ Bd7 7. Bxd7+ Nxd7 8.
Ng3 Qc7 9. Qe2 g6 10. d3 Bh6 11. Bxh6 Nxh6 12. O-O f4 13. Ne4 O-O 14. Nfg5 Qxe5
15. Rae1 Rae8 16. Nf3 Qg7 17. Nd6 Re7 18. Ng5 Rf6 19. Nxb7 Qf8 20. Nd6 f3 21.
Nxf3 e5 22. Ne4 Rf4 23. Ng3 Nf5 24. Qd2 Nxg3 25. fxg3 Rf6 26. Rf2 Ref7 27. Ref1
h6 28. c3 Kg7 29. a4 dxc3 30. bxc3 Rd6 31. Qe2 Rdf6 32. a5 a6 33. Qe3 h5 34.
Qe2 Kg8 35. Qb2 Kg7 36. d4 cxd4 37. cxd4 exd4 38. Qxd4 Qc5 39. Qxc5 Nxc5 40.
Rd1 Nb3 41. Rb2 Nxa5 42. Ra2 Rf5 43. Nd4 Rc5 44. Ne6+ Kg8 45. Nxc5 Nc6 46. Rxa6
Nb4 47. Rxg6+ Kh7 48. Rb6 Nc2 49. Ne4 Ne3 50. Ng5+ Kg7 51. Nxf7 Nxd1 52. Ne5
Ne3 53. Kf2 Nd5 54. Rg6+ Kf8 55. Rh6 Ke7 56. Rxh5 Nf6 57. Rh3 Ne4+ 58. Ke3 Ng5
59. Rh5 Ne6 60. g4 Nc5 61. g5 Ne6 62. g6 Kd6 63. Rh7 Ng5 64. Nf7+ Nxf7 65. Rxf7
Ke6 66. Rf3 1-0

[Event "DVM U10 2015"]
[Site "Magdeburg GER"]
[Date "2015.12.28"]
[Round "3"]
[White "Bölke, Roman"]
[Black "Strobel, Luis"]
[Result "1-0"]
[Termination "normal"]
[Board "1.4"]
[WhiteElo "1051"]
[BlackElo "875"]
[WhiteTeam "Hamburger SK von 1830 1"]
[BlackTeam "SC Erlangen 48/88"]
[PlyCount "109"]
[EventCountry "GER"]
[EventRounds "7"]
[EventType "team-swiss"]
[EventDate "2015.12.27"]

1. e4 e5 2. Nf3 Nc6 3. Bb5 Nf6 4. d3 Bc5 5. c3 d6 6. O-O O-O 7. Bg5 h6 8. Bh4
Bg4 9. h3 Bh5 10. Nbd2 a6 11. Ba4 b5 12. Bb3 a5 13. a4 bxa4 14. Bxa4 Ne7 15.
Bxf6 gxf6 16. Re1 d5 17. Nf1 dxe4 18. Rxe4 f5 19. Rxe5 Bd6 20. Re1 c5 21. Bc2
Qc7 22. Ra4 Qb7 23. Rh4 Bxf3 24. Qxf3 Qxf3 25. gxf3 Kh7 26. Ng3 Rg8 27. Kh2 Ng6
28. Rh5 Nf4 29. Rxf5 Rab8 30. Rb1 Ne2 31. d4 Bxg3+ 32. fxg3 Kg6 33. Re5+ Kf6
34. Rxe2 cxd4 35. cxd4 Rbc8 36. d5 Rgd8 37. Rd1 Rb8 38. b3 Kg5 39. h4+ Kf6 40.
f4 Rb5 41. d6 Rd7 42. g4 h5 43. g5+ Kg7 44. Re7 Rd8 45. f5 Rb4 46. f6+ Kf8 47.
Kh3 Rf4 48. Rde1 Rf3+ 49. Kg2 Rc3 50. d7 Rxc2+ 51. Kf1 Kg8 52. Re8+ Rxe8 53.
dxe8=Q+ Kh7 54. Qxf7+ Kh8 55. Re8# 1-0

[Event "DVM U10 2015"]
[Site "Magdeburg GER"]
[Date "2015.12.28"]
[Round "3"]
[White "Lindner, Ben"]
[Black "Kazuch, Vincent"]
[Result "1/2-1/2"]
[Termination "normal"]
[Board "2.2"]
[WhiteElo "1133"]
[BlackElo "1696"]
[WhiteTeam "BSG Grün-Weiß Leipzig 1"]
[BlackTeam "SV Empor Erfurt 1"]
[PlyCount "66"]
[WhiteFideId "16214552"]
[BlackFideId "12971480"]
[EventCountry "GER"]
[EventRounds "7"]
[EventType "team-swiss"]
[EventDate "2015.12.27"]

1. e4 e6 2. d4 d5 3. e5 c5 4. c3 Nc6 5. Nf3 Qb6 6. Bd3 Bd7 7. Nbd2 cxd4 8. cxd4
Nxd4 9. Nxd4 Qxd4 10. Nf3 Qb6 11. Be3 Qd8 12. O-O Ne7 13. Nd4 Ng6 14. Nf3 Be7
15. Qd2 O-O 16. Rac1 Bc6 17. Rc2 Qd7 18. Rfc1 a6 19. Qc3 f6 20. exf6 Bxf6 21.
Qb4 e5 22. Bxg6 hxg6 23. Bc5 Rfe8 24. Bd6 Re6 25. Bc5 d4 26. Rd2 Bxf3 27. gxf3
Bg5 28. Rcd1 Bxd2 29. Rxd2 Qb5 30. Qxb5 axb5 31. a3 Rf6 32. Rd3 Kf7 33. Kg2 Ke6
1/2-1/2

[Event "DVM U10 2015"]
[Site "Magdeburg GER"]
[Date "2015.12.28"]
[Round "3"]
[White "Reuter, Marek"]
[Black "Güldenpfennig, Carl"]
[Result "1/2-1/2"]
[Termination "normal"]
[Board "2.3"]
[WhiteElo "1209"]
[BlackElo "1049"]
[WhiteClock "00:39:01"]
[BlackClock "00:35:47"]
[WhiteTeam "SV Empor Erfurt 1"]
[BlackTeam "BSG Grün-Weiß Leipzig 1"]
[PlyCount "53"]
[WhiteFideId "16226712"]
[EventCountry "GER"]
[EventRounds "7"]
[EventType "team-swiss"]
[EventDate "2015.12.27"]

1. e4 e5 2. Nf3 Nc6 3. Bc4 Bc5 4. d4 Bxd4 5. Nxd4 Nxd4 6. Be3 Nc6 7. O-O Nf6 8.
Nc3 d6 9. Re1 Bg4 10. f3 Be6 11. Nd5 Bxd5 12. exd5 Ne7 13. c3 O-O 14. Qb3 b6
15. Rad1 Ng6 16. Ba6 Qe7 17. Bb7 Rab8 18. Bc6 e4 19. fxe4 Qxe4 20. Bd4 Qg4 21.
Rf1 Nh4 22. Qc2 Nh5 23. Rd3 f6 24. g3 Rf7 25. Re3 f5 26. Qe2 Qxe2 27. Rxe2
1/2-1/2

[Event "DVM U10 2015"]
[Site "Magdeburg GER"]
[Date "2015.12.28"]
[Round "3"]
[White "Feilhauer, Jannick"]
[Black "Rajchel, Arian"]
[Result "0-1"]
[Termination "normal"]
[Board "2.4"]
[WhiteElo "940"]
[BlackElo "1025"]
[WhiteClock "00:31:59"]
[BlackClock "00:37:40"]
[WhiteTeam "BSG Grün-Weiß Leipzig 1"]
[BlackTeam "SV Empor Erfurt 1"]
[PlyCount "76"]
[WhiteFideId "16266358"]
[EventCountry "GER"]
[EventRounds "7"]
[EventType "team-swiss"]
[EventDate "2015.12.27"]

1. c4 Nf6 2. d4 d5 3. e3 e6 4. Nc3 c5 5. Nf3 Nc6 6. Be2 Be7 7. O-O O-O 8. Qd3
Nb4 9. Qb1 Bd6 10. Ng5 Qc7 11. Nf3 b6 12. a3 Nc6 13. Bd2 Bb7 14. Nb5 Qd7 15.
Nxd6 Qxd6 16. Bd3 e5 17. dxe5 Nxe5 18. Nxe5 Qxe5 19. Bc3 d4 20. exd4 cxd4 21.
Re1 Qg5 22. f3 Bxf3 23. Qc2 dxc3 24. bxc3 g6 25. Rf1 Bb7 26. Rab1 Ng4 27. Qe2
Ne3 28. Qd2 Qc5 29. Rf2 Ng4 30. Rb5 Qxf2+ 31. Qxf2 Nxf2 32. Kxf2 Ba6 33. Rb4
Rfd8 34. Be4 Rac8 35. Bd5 b5 36. cxb5 Rxd5 37. bxa6 Rxc3 38. Rb7 Rd2+ 0-1

[Event "DVM U10 2015"]
[Site "Magdeburg GER"]
[Date "2015.12.28"]
[Round "3"]
[White "Rosenhain, Jonathan"]
[Black "Prieb, Robert"]
[Result "0-1"]
[Termination "normal"]
[Board "3.1"]
[WhiteElo "1222"]
[BlackElo "1494"]
[WhiteTeam "Schachpinguine Berlin 2"]
[BlackTeam "SchachAkademiePaderborn 1"]
[PlyCount "66"]
[WhiteFideId "16212169"]
[BlackFideId "16212002"]
[EventCountry "GER"]
[EventRounds "7"]
[EventType "team-swiss"]
[EventDate "2015.12.27"]

1. e4 g6 2. d4 Bg7 3. Nf3 d6 4. Nc3 Nc6 5. Be3 Bg4 6. Be2 Nf6 7. h3 Bxf3 8.
Bxf3 Qd7 9. Qd2 O-O 10. O-O a6 11. Ne2 b5 12. d5 Ne5 13. Nd4 Nxf3+ 14. Nxf3
Nxe4 15. Qd3 Nf6 16. Ng5 h6 17. Nf3 c5 18. dxc6 Qxc6 19. Nd4 Qd7 20. Qd2 Kh7
21. f4 e5 22. Nf3 Qc7 23. Nh4 Rac8 24. c3 e4 25. g4 d5 26. f5 Qg3+ 27. Ng2 Qxh3
28. fxg6+ fxg6 29. g5 Ng4 30. Bf4 hxg5 31. Rae1 gxf4 32. Nxf4 Qg3+ 33. Ng2 Qh2#
0-1

[Event "DVM U10 2015"]
[Site "Magdeburg GER"]
[Date "2015.12.28"]
[Round "3"]
[White "Bornemann, Malte"]
[Black "Morczynski, Joachim"]
[Result "1-0"]
[Termination "normal"]
[Board "3.2"]
[WhiteElo "1211"]
[BlackElo "1205"]
[WhiteTeam "SchachAkademiePaderborn 1"]
[BlackTeam "Schachpinguine Berlin 2"]
[PlyCount "83"]
[WhiteFideId "16284470"]
[BlackFideId "16209745"]
[EventCountry "GER"]
[EventRounds "7"]
[EventType "team-swiss"]
[EventDate "2015.12.27"]

1. d4 f5 2. Nf3 Nf6 3. Bf4 Nc6 4. e3 e6 5. c3 g6 6. Bg5 Bg7 7. Ne5 O-O 8. Nd2
Qe8 9. Ndf3 Ne4 10. Nxc6 Nxg5 11. Nxg5 bxc6 12. g3 Bb7 13. Bg2 Ba6 14. Qd2 Bc4
15. Nf3 Rb8 16. Ne5 Bd5 17. Bxd5 cxd5 18. O-O d6 19. Nf3 Qb5 20. Ng5 Rf6 21.
Rab1 Qc4 22. b3 Qc6 23. c4 dxc4 24. bxc4 Rxb1 25. Rxb1 Qxc4 26. Rc1 Qd5 27.
Rxc7 Bh6 28. Nxh7 Rf7 29. Rxf7 Kxf7 30. h4 Kg7 31. Ng5 Kf6 32. f4 Qb5 33. Kf2
Qb1 34. Nf3 Qe4 35. Qc3 Qd5 36. Qb2 Bf8 37. Ng5 Qh1 38. Nf3 Qd1 39. d5+ Kf7 40.
Ng5+ Ke7 41. Qb7+ Kf6 42. Qf7# 1-0

[Event "DVM U10 2015"]
[Site "Magdeburg GER"]
[Date "2015.12.28"]
[Round "3"]
[White "Gorodezki, Andrey"]
[Black "Yin, Haode"]
[Result "0-1"]
[Termination "normal"]
[Board "3.3"]
[WhiteElo "1075"]
[BlackElo "1110"]
[WhiteTeam "Schachpinguine Berlin 2"]
[BlackTeam "SchachAkademiePaderborn 1"]
[PlyCount "68"]
[BlackFideId "16261348"]
[EventCountry "GER"]
[EventRounds "7"]
[EventType "team-swiss"]
[EventDate "2015.12.27"]

1. e4 e6 2. Nc3 d5 3. d4 dxe4 4. Nxe4 Nd7 5. Nf3 Ngf6 6. Nc3 h6 7. Bc4 Bd6 8.
O-O O-O 9. Be3 Re8 10. Qd3 e5 11. dxe5 Nxe5 12. Nxe5 Bxe5 13. Qxd8 Rxd8 14.
Rad1 Bf5 15. Bd3 Bxd3 16. Rxd3 Rxd3 17. cxd3 c6 18. d4 Bc7 19. Rd1 Bb6 20. b4
Rd8 21. a4 a5 22. b5 Nd5 23. Nxd5 Rxd5 24. bxc6 bxc6 25. g4 c5 26. f4 cxd4 27.
Kf1 Rd8 28. Bf2 Rb8 29. Bxd4 Rd8 30. Kg2 Rxd4 31. Rxd4 Bxd4 32. h4 f6 33. Kf3
Bc3 34. Ke4 Kf7 0-1

[Event "DVM U10 2015"]
[Site "Magdeburg GER"]
[Date "2015.12.28"]
[Round "3"]
[White "Brinkschröder, Josh"]
[Black "Korek, Jakob Alexander"]
[Result "1-0"]
[Termination "normal"]
[Board "3.4"]
[WhiteElo "745"]
[BlackElo "1010"]
[WhiteTeam "SchachAkademiePaderborn 1"]
[BlackTeam "Schachpinguine Berlin 2"]
[PlyCount "34"]
[WhiteFideId "16274903"]
[BlackFideId "16240022"]
[EventCountry "GER"]
[EventRounds "7"]
[EventType "team-swiss"]
[EventDate "2015.12.27"]

1. d4 Nf6 2. Nf3 g6 3. Bf4 Bg7 4. e3 Nc6 5. c3 O-O 6. Ng5 Re8 7. Bc4 d5 8. Bb5
a6 9. Ba4 b5 10. Bb3 e5 11. Bg3 exd4 12. cxd4 Nxd4 13. Qxd4 Bb7 14. Qc5 c6 15.
Qd6 Nd7 16. Nd2 Bxb2 17. Rb1 Bf6 {nicht weiter nachvollziehbar} 1-0

[Event "DVM U10 2015"]
[Site "Magdeburg GER"]
[Date "2015.12.28"]
[Round "3"]
[White "Lox, Nils Norman"]
[Black "Gallasch, Jonas"]
[Result "0-1"]
[Termination "normal"]
[Board "4.1"]
[WhiteElo "1131"]
[BlackElo "1401"]
[WhiteTeam "SC Eintracht Berlin"]
[BlackTeam "SG Porz"]
[PlyCount "61"]
[WhiteFideId "16221389"]
[BlackFideId "16222474"]
[EventCountry "GER"]
[EventRounds "7"]
[EventType "team-swiss"]
[EventDate "2015.12.27"]

1. d4 Nf6 2. Nf3 e6 3. e3 c5 4. c3 Nc6 5. dxc5 Bxc5 6. Bd3 d5 7. Nbd2 Bd7 8.
Qe2 Qc7 9. O-O O-O 10. e4 Rfe8 11. Qd1 Re7 12. Qc2 h6 13. Re1 Rae8 14. e5 Ng4
15. Re2 Ngxe5 16. Nxe5 Nxe5 17. Nf1 Nxd3 18. Qxd3 a6 19. Qf3 Bc6 20. Qh5 Bb5
21. Re1 Qb6 22. Ne3 Bd3 23. b4 Bd6 24. Ng4 Bg6 25. Qh4 h5 26. Nf6+ gxf6 27.
Qxf6 Kh7 28. Qg5 Rc7 29. Re3 Rh8 30. Rh3 Bf8 31. Qe7 0-1